| 000 | 00441nam a2200181Ia 4500 | ||
|---|---|---|---|
| 003 | LK-CoDNM | ||
| 008 | 010623t1981 xxu||||| |||| 00| 1 eng d | ||
| 040 |
_aLK-CoDNM _dLK-CoDNM _eLK-CoDNM |
||
| 041 | _aeng | ||
| 080 | _a940.53(1) | ||
| 100 | _aMiller,Russell | ||
| 245 | _aThe Commandos | ||
| 260 |
_bTime Life Books _aVirginia _c1981 |
||
| 300 | _b208p.64pl,map, 27 cm | ||
| 650 | _a2nd World War | ||
| 650 | _aWeapons | ||
| 942 | _cBK | ||
| 999 |
_c111545 _d111545 |
||